Statistics for 1964-1966 Pop Songs by Artist and Lyric

Click here to take the quiz!

General Stats

  • This quiz has been taken 300 times
    (285 since last reset)
  • The average score is 10 of 17

Answer Stats

LyricArtistSong Title% Correct
All the leaves are brown / And the sky is grey / I went for a walk / On a winter's dayThe Mamas and the PapasCalifornia Dreamin'
93%
And it's been the ruin / Of many a poor boy / And God, I know I'm oneThe AnimalsThe House of the Rising Sun
85%
I don't believe you / You're not the truth / No one could look as good as youRoy OrbisonOh, Pretty Woman
81%
Then put your little hand in mine / There ain't no hill or mountain we can't climbSonny & CherI Got You Babe
78%
A time for love / A time for hate / A time for peace / I swear it's not too lateThe ByrdsTurn! Turn! Turn! (To Everything There is a Season)
68%
And time goes by so slowly / And time can do so much / Are you still mine?The Righteous BrothersUnchained Melody
68%
You never close your eyes anymore when I kiss your lips / And there's no tenderness like before in your fingertipsThe Righteous BrothersYou've Lost That Loving Feeling
66%
I see the girls walk by / Dressed in their summer clothes / I have to turn my head / Until my darkness goesThe Rolling StonesPaint It Black
62%
My folks were always puttin' him down / They said he came from the wrong side of townThe Shangri-LasLeader of the Pack
60%
Now if you feel that you can't go on / Because all of your hope is goneThe Four TopsReach Out I'll Be There
54%
But when I see you hanging about with anyoneTom JonesIt's Not Unusual
50%
Hatty told Matty / About a thing she saw / Had two big horns / And a wooly jawSam the Sham & the PharaohsWooly Bully
48%
I need you, oh how I need you / But all you do is treat me badThe SupremesBaby Love
45%
And when I hold you in my arms / My love won't do you no harmJames BrownI Got You (I Feel Good)
44%
When I was seventeenFrank SinatraIt Was a Very Good Year
29%
I watch you walk down the street / Knowing your other love you'll meetThe SupremesStop! In the Name of Love
25%
In and out my life / You come and you go / Leaving just your picture behind / And I've kissed it a thousand timesThe Four TopsI Can't Help Myself (Sugar Pie Honey Bunch)
22%

Score Distribution

Percentile by Number Answered

Percent of People with Each Score

Your Score History

You have not taken this quiz since the last reset